Sabinov preslávil oskarový Obchod na korze

Bibliographic Details
Main Author: Novotný, Peter (Author)
Format: Article
Language:Slovak
Subjects:

MARC

LEADER 00000nab a2200000 ar4500
001 vtls010679492
003 SK-MaSNL
005 20260303090117.0
008 150515c20150221xo mr|p|||||||000 b|slo
038 |a SNSK 
040 |b slo  |c SNSK  |e AACR2 
041 |a slo 
044 |a xo  |c SK 
080 |a 791.43  |x (437)  |2 2001 
080 |a 323.12  |x "1939/1945"  |2 2001 
080 |a (=411.16)  |2 2001 
100 1 |a Novotný, Peter  |4 aut  |9 336055 
245 1 0 |a Sabinov preslávil oskarový Obchod na korze  |c Peter Novotný 
300 |b Fotogr. 
630 0 7 |a Obchod na korze (film)  |2 snsk  |9 343064 
650 0 7 |a hrané filmy  |2 snsk  |9 68885 
650 0 7 |a exteriéry  |2 snsk  |9 30555 
651 7 |a Sabinov (Slovensko)  |2 snsk  |9 29434 
773 0 |t Nový Čas  |g Roč. 25, č. 43 (21.2.2015), s. 16-17  |x 1335-4655 
852 |a SNSK  |b KIS3GCP 
999 |c 1801921  |d 1803851